000 00578nam a2200217Ia 4500
003 IIN
005 20250402162314.0
008 250402s9999 xx ad 001 0 eng d
020 _cRs.550.00
_a9789366163352
040 _aIIN
_bEnglish
082 _a613.2
_bSOH
100 1 _aSohi, Darshan
245 2 _aA Comprehensive Textbook of Applied Nutrition & Dietetics
_cDarshan Sohi
250 _a4th ed.
260 _bJaypee
_aNew Delhi
_c2025
300 _axx, 260p.
_bcol. ill.
500 _aIncludes Index
650 1 _aNutrition
650 1 _aDietetics
942 _cBOOK
999 _c1726
_d1726